Keselamatan di rumah

Bibliographic Details
Main Author: Hanani Imran
Format: Book
Published: Selangor : Pintar Firus Sdn Bhd Publisher , 2014
Series:Panduan asas keselamatan kanak-kanak
Subjects:

MARC

LEADER 00000cam a2200000 7i4500
001 0000044512
005 20230125.0
008 150104
020 |a 9833797844 
090 0 0 |a JF   |b MAL 
100 1 |a Hanani Imran 
245 1 0 |a Keselamatan di rumah   |c Hanani Imran 
260 |a Selangor :   |b Pintar Firus Sdn Bhd Publisher ,   |c 2014 
490 1 |a Panduan asas keselamatan kanak-kanak 
650 0 |a Keselamatan kanak-kanak   |x Malay... 
650 0 |a Malay fiction 
999 |a 0001319047   |b Book   |c Children Collection   |e Cawangan Bandar Penawar 
999 |a 0001319048   |b Book   |c Children Collection   |e Cawangan Pontian 
999 |a 0001319050   |b Book   |c Children Collection   |e Cawangan Segamat 
999 |a 0001319052   |b Book   |c Children Collection   |e Cawangan Taman Sri Lambak 
999 |a 0001319054   |b Book   |c Children Collection   |e Cawangan Tangkak 
999 |a 0001319055   |b Book   |c Children Collection   |e Cawangan Bukit Gambir 
999 |a 0001319056   |b Book   |c Children Collection   |e Cawangan Batu Pahat 
999 |a 0001319057   |b Book   |c Children Collection   |e Cawangan Mersing 
999 |a 0001319059   |b Book   |c Children Collection   |e Cawangan Tmn. Ungku Tun Aminah 
999 |a 0001320706   |b Book   |c Children Collection   |e Perbadanan Perpustakaan Awam Johor 
999 |a 0001320707   |b Book   |c Children Collection   |e Perbadanan Perpustakaan Awam Johor